00529 a2200181 4500003000500000005001700005040000900022082001000031100002100041245008700062250000800149260002400157300001200181650002000193942001200213999001900225952010300244Nust20170207171532.0 cNust a004.6 aParziale, Lydia  aTCP/IP tutorial and technical overview (EBOOK)cLydia Parziale and David T. Britt. a8th aNew YorkbIBMc2006 a1004 p. aTCP/IP Tutorial 2ddccBK c217066d217066 00102ddc40708NFICaMCSbMCSd2016-12-12l0o004.6 PARpMCSEB-3385r2016-12-08w2016-12-12yBK